000 00986nam a2200265 i 4500
001 106524
003 ES-MaACL
005 20250811101601.0
007 t|
008 061129s1975 sp ||||1| spa d
080 _a75 Santos, Fermín (083.82)
100 1 _aSantos, Fermín.
_9103472
245 1 0 _aFermín Santos
_b: [exposición, Sala de Santa Catalina del Ateneo de Madrid, enero de 1975].
260 _aMadrid :
_bAteneo de Madrid,
_c1975.
300 _a[16] p. :
_bil. ;
_c25 cm.
490 1 _aAteneo de Madrid. Sala de Santa Catalina ;
_v5
600 1 4 _aSantos, Fermín-
_vExposiciones.
_9103473
610 2 7 _aAteneo de Madrid-
_vExposiciones-
_y1970-1979.
_91921
655 7 _2tgfbne
_9193628
_aCatálogos de exposiciones
710 2 _aAteneo de Madrid.
_bSala de Santa Catalina.
_91964
830 0 0 _aAteneo de Madrid.
_pSala de Santa Catalina
_v5
_9185232
852 _aES-MaACL
_j2209-F-27
_9110569
_bR.138274
_cDEPOF
942 _2udc
_cFOLLETOS
999 _c106524
_d106524